02429nam a22002417a 450000500170000000800410001702000180005804000070007604100080008308200210009110000220011224500550013426000380018930000280022736500560025552015140031152102360182565000270206165000260208865000230211465000260213770000240216320221028153330.0221028b ||||| |||| 00| 0 eng d a9788194829577 cAL aeng 223a616.85bJAHI aRamin Jahanbegloo aIn pursuit of unhappiness:bReflections on suicide aHyderabadbOrient Blackswanc2021 aviii,96p.bPBc19x13cm. 2Generala4940b236.00c₹d295.00e20%f17-10-2022 aIn today’s world, happiness and wellbeing are often dictated to us by the State or by mass culture and shallow, consumerist and false modes of being. Not to be happy is, by definition, to be marginal, a misfit and a dissenter. In such a world, unhappiness becomes the forbidden universe of those for whom it is an act of dissent against the normative collective experience of conformism, contentment and mediocrity. It also exhorts us to closely examine the meaning of happiness. The pursuit of unhappiness, then, is to confront life in its totality, and presents an alternate horizon of truth, meaning and Value for human beings, says renowned philosopher Ramin Jahanbegloo. Life is a beautiful adventure which deserves to be lived for its own sake, fully and well; but a life full of pain without an exit door is a dark and Lonely prison. Suicide, rather than being an act of despair or hatred of life, is the ultimate Act of human freedom and agency by which individuals have shown that they control their destiny, and opposed the tyranny of power, be it of society or the state. This freedom belongs to those who have the courage to live an ‘examined’ life, and strive to preserve their marginality, integrity and autonomy. In a violent, indifferent world without God and without hope, suicide offers the fragile mortal grappling with meaningless suffering a mode of transcendence and immortality, and freedom from the fear of death, which is, as Montaigne said, ‘the origin of another life…’. aTable of Contents: I Introduction: Why Suicide? II Philosophical Suicides III Suicide and Modernity IV Poetry and Suicide: Paul Celan V The Aesthetics of Suicide: Yukio Mishima VI Conclusion: The Pursuit of Unhappiness Bibliography aPhilosophical Suicides aSuicide and Modernity aPoetry and Suicide aAesthetics of Suicide aJAHANBEGLOO (Ramin)